Städte und Gemeinden Main-Taunus-Kreis - Statistiken

Allgemein
  • Dieses Quiz wurde 110 mal gespielt
  • Das Durchschnittsergebnis liegt bei 9 aus 12
Antwortstatistiken
Antwort % Korrekt
Hofheim am Taunus
95%
Hattersheim am Main
85%
Kelkheim (Taunus)
84%
Kriftel
84%
Bad Soden am Taunus
78%
Sulzbach (Taunus)
74%
Schwalbach am Taunus
73%
Eppstein
69%
Eschborn
68%
Hochheim am Main
68%
Liederbach am Taunus
61%
Flörsheim am Main
60%
Keine übereinstimmenden Quizze gefunden
Verteilung der Resultate
Anzahl Personen mit jedem Resultat
Perzentil nach korrekt beantworteten Fragen
Ihre Resultats-Entwicklung
Sie haben dieses Quiz noch nicht gespielt